| 000 | 01054cam a22002651i 4500 | ||
|---|---|---|---|
| 003 | SA_RiAUC | ||
| 005 | 20250820050613.0 | ||
| 008 | 250819s2008____jo ho g 000 0bara c | ||
| 020 | _z978995723777 | ||
| 040 |
_aSA-RiDKA _bara _cSA-RiAUC _erda |
||
| 082 | 0 | 4 |
_a923.2 _qSA-RiAUC |
| 090 |
_a923.2 _bا س د |
||
| 100 | 1 |
_aالأسد، ناصر الدين، _d1922-2015 _eمؤلف. |
|
| 245 | 1 | 0 |
_aمحمد أحمد الأسد : _bسيرة وثائقية / _cاستخلصها من أوراقه ابنه ناصر الدين الأسد. |
| 250 | _aالطبعة الأولى. | ||
| 264 | 1 |
_aعمان، الأردن : _bدار الفتح، _c2008. |
|
| 300 |
_a231 صفحة : _bصور، مثيليات ؛ _c25 سم |
||
| 336 |
_aنص _btxt _2rdacontent _3كتاب |
||
| 337 |
_aبدون وسيط _bn _2rdamedia |
||
| 338 |
_aمجلد _bnc _2rdacarrier |
||
| 600 | 1 | 7 |
_aالأسد، محمد أحمد، _d1893-1939 _2aucnm |
| 650 | 7 |
_aالسياسيون الأردنيون _vتراجم _2aucsh |
|
| 942 |
_2ddc _cBOOK _n0 |
||
| 949 |
_aSA-JeALM _d250819 _ueid123 _n1 |
||
| 999 |
_c10970 _d10970 |
||